Chemistry for engineering students / (Record no. 332023)

000 -LEADER
fixed length control field 01319cam a22003137a 4500
001 - CONTROL NUMBER
control field 13892465
003 - CONTROL NUMBER IDENTIFIER
control field NUST
005 - DATE AND TIME OF LATEST TRANSACTION
control field 20171107150917.0
008 - FIXED-LENGTH DATA ELEMENTS--GENERAL INFORMATION
fixed length control field 050308s2006 caua 001 0 eng d
010 ## - LIBRARY OF CONGRESS CONTROL NUMBER
LC control number 2005923763
020 ## - INTERNATIONAL STANDARD BOOK NUMBER
International Standard Book Number 0534389740
035 ## - SYSTEM CONTROL NUMBER
System control number (OCoLC)ocm63174606
040 ## - CATALOGING SOURCE
Original cataloging agency TXA
Transcribing agency TXA
Modifying agency BAKER
-- DLC
042 ## - AUTHENTICATION CODE
Authentication code lccopycat
050 00 - LIBRARY OF CONGRESS CALL NUMBER
Classification number QD31.3
Item number .B76 2006
082 ## - DEWEY DECIMAL CLASSIFICATION NUMBER
Classification number 628.0154 BRO
100 1# - MAIN ENTRY--PERSONAL NAME
Personal name Brown, Lawrence Stephen.
9 (RLIN) 6112
245 10 - TITLE STATEMENT
Title Chemistry for engineering students /
Statement of responsibility, etc. Lawrence S. Brown, Thomas A. Holme.
250 ## - EDITION STATEMENT
Edition statement Student ed.
260 ## - PUBLICATION, DISTRIBUTION, ETC.
Place of publication, distribution, etc. Belmont, CA :
Name of publisher, distributor, etc. Thomson-Brooks/Cole,
Date of publication, distribution, etc. c2006.
300 ## - PHYSICAL DESCRIPTION
Extent xxxi, 653 p. :
Other physical details ill. (chiefly col.) ;
Dimensions 25 cm.
500 ## - GENERAL NOTE
General note Includes glossary (p. 633-636).
500 ## - GENERAL NOTE
General note Includes index.
501 ## - WITH NOTE
With note H.B
650 #0 - SUBJECT ADDED ENTRY--TOPICAL TERM
Topical term or geographic name entry element Chemistry
Form subdivision Textbooks.
9 (RLIN) 6113
700 1# - ADDED ENTRY--PERSONAL NAME
Personal name Holme, Thomas A.
9 (RLIN) 6114
856 42 - ELECTRONIC LOCATION AND ACCESS
Materials specified Contributor biographical information
Uniform Resource Identifier <a href="http://www.loc.gov/catdir/enhancements/fy1103/2005923763-b.html">http://www.loc.gov/catdir/enhancements/fy1103/2005923763-b.html</a>
856 42 - ELECTRONIC LOCATION AND ACCESS
Materials specified Publisher description
Uniform Resource Identifier <a href="http://www.loc.gov/catdir/enhancements/fy1103/2005923763-d.html">http://www.loc.gov/catdir/enhancements/fy1103/2005923763-d.html</a>
856 41 - ELECTRONIC LOCATION AND ACCESS
Materials specified Table of contents only
Uniform Resource Identifier <a href="http://www.loc.gov/catdir/enhancements/fy1103/2005923763-t.html">http://www.loc.gov/catdir/enhancements/fy1103/2005923763-t.html</a>
906 ## - LOCAL DATA ELEMENT F, LDF (RLIN)
a 7
b cbc
c copycat
d 3
e ncip
f 20
g y-gencatlg
942 ## - ADDED ENTRY ELEMENTS (KOHA)
Source of classification or shelving scheme
Koha item type Book
Call number prefix IESE
Holdings
Withdrawn status Lost status Source of classification or shelving scheme Damaged status Not for loan Collection code Permanent Location Current Location Shelving location Date acquired Total Checkouts Full call number Barcode Date last seen Price effective from Koha item type
            Institute of Environmental Science and Engineering (IESE) Institute of Environmental Science and Engineering (IESE) General Stacks 11/07/2017   628.0154 BRO IESE-2881 11/07/2017 11/07/2017 Book
© 2023 Central Library, National University of Sciences and Technology. All Rights Reserved.